Normal view
MARC view
- Mahapatra, S.C
Entry Personal Name
001 - CONTROL NUMBER
- control field: 103232
003 - CONTROL NUMBER IDENTIFIER
- control field: NUST
005 - DATE AND TIME OF LATEST TRANSACTION
- control field: 20221121100502.0
008 - FIXED-LENGTH DATA ELEMENTS
- fixed length control field: 221121|| aca||aabn | a|a d
040 ## - CATALOGING SOURCE
- Original cataloging agency: NUST
- Transcribing agency: NUST
100 ## - HEADING--PERSONAL NAME
- Personal name: Mahapatra, S.C
670 ## - SOURCE DATA FOUND
- Source citation: Work cat.: (NUST): Mahapatra, S.C , Principles of Electromagnetics /, 2015
